নবগীতিকা / (Record no. 52959)
[ view plain ]
| 000 -LEADER | |
|---|---|
| fixed length control field | 00945nam a2200265 a 4500 |
| 001 - CONTROL NUMBER | |
| control field | 52959 |
| 003 - CONTROL NUMBER IDENTIFIER | |
| rucl marc code | BD-RjUL |
| 005 - DATE AND TIME OF LATEST TRANSACTION | |
| control field | 20211209075903.0 |
| 008 - FIXED-LENGTH DATA ELEMENTS--GENERAL INFORMATION | |
| fixed length control field | 161001r20061937b ||||| |||| 00| 0 eng d |
| 020 ## - INTERNATIONAL STANDARD BOOK NUMBER | |
| International Standard Book Number | 817522276X (V-15) |
| Terms of availability | : 95.00 |
| International Standard Book Number | 817522021X (Set) |
| 035 ## - SYSTEM CONTROL NUMBER | |
| System control number | (BD-RjUL)53079 |
| 040 ## - CATALOGING SOURCE | |
| Original cataloging agency | BD-RjUL |
| Language of cataloging | eng |
| Transcribing agency | BD-RjUL |
| 041 ## - LANGUAGE CODE | |
| Language code of text/sound track or separate title | eng |
| 082 ## - DEWEY DECIMAL CLASSIFICATION NUMBER | |
| Edition number | 23 |
| Classification number | 781.1 |
| Author mark and year | TAN 2006 |
| 100 1# - MAIN ENTRY--PERSONAL NAME | |
| Personal name | ঠাকুর, রবীন্দ্রনাথ |
| 9 (RLIN) | 158321 |
| 245 10 - TITLE STATEMENT | |
| Title | নবগীতিকা / |
| Remainder of title | |
| Statement of responsibility, etc. | রবীন্দ্রনাথ ঠাকুর |
| 260 ## - PUBLICATION, DISTRIBUTION, ETC. (IMPRINT) | |
| Place of publication, distribution, etc. | কলকাতা : |
| Name of publisher, distributor, etc. | বিশ্বভারতী গ্রন্থবিভগ, |
| Date of publication, distribution, etc. | ১৯২২ [পুনর্মদ্রণ ২০০৬] |
| 300 ## - PHYSICAL DESCRIPTION | |
| Pagination | ২০১ পৃ ; |
| Size | ২৭ সেমি. |
| 490 ## - SERIES STATEMENT | |
| Series statement | স্বরবিতান ; |
| Volume/sequential designation | ১৫ |
| 505 0# - FORMATTED CONTENTS NOTE | |
| Formatted contents note | Vol. 2 -- |
| 650 ## - SUBJECT ADDED ENTRY--TOPICAL TERM | |
| Topical term or geographic name as entry element | সঙ্গীত |
| 9 (RLIN) | 158322 |
| Topical term or geographic name as entry element | Music |
| 9 (RLIN) | 150469 |
| 942 ## - ADDED ENTRY ELEMENTS (KOHA) | |
| Source of classification or shelving scheme | Dewey Decimal Classification |
| Koha item type | Books |
| Lost status | Source of classification or shelving scheme | Damaged status | Not for loan | Collection code | Permanent Location | Current Location | Shelving location | Date acquired | Source of acquisition | Cost, normal purchase price | Total Checkouts | Full call number | Date last seen | Date checked out | Copy number | Koha item type |
|---|---|---|---|---|---|---|---|---|---|---|---|---|---|---|---|---|
| Dewey Decimal Classification | Non-fiction | Central Library, University of Rajshahi | Central Library, University of Rajshahi | 28/05/2011 | Dhaka,Paragon Enterprise Lit., | 3451.00 | 1 | B 781.1 TAN V-2 2006 | 14/08/2018 | 06/08/2018 | C-2 | Books | ||||
| Dewey Decimal Classification | Not For Loan | Non-fiction | Central Library, University of Rajshahi | Central Library, University of Rajshahi | Reading Room | 08/10/1969 | Provincial | 5.00 | B 781.1 TAN V-2 1951 | 03/05/2017 | C-1 | Books |